Planning for economic growth of third world countries (Record no. 3330)
[ view plain ]
| 000 -LEADER | |
|---|---|
| fixed length control field | 00311nam a22001217a 4500 |
| 020 ## - INTERNATIONAL STANDARD BOOK NUMBER | |
| International Standard Book Number | 817100055X |
| 082 ## - DEWEY DECIMAL CLASSIFICATION NUMBER | |
| Classification number | 330.1091 |
| 100 ## - MAIN ENTRY--PERSONAL NAME | |
| Personal name | Devendra Thakur |
| 245 ## - TITLE STATEMENT | |
| Title | Planning for economic growth of third world countries |
| 260 ## - PUBLICATION, DISTRIBUTION, ETC. | |
| Place of publication, distribution, etc. | New Delhi |
| Name of publisher, distributor, etc. | Deep and Deep publications |
| Date of publication, distribution, etc. | 1988 |
| 300 ## - PHYSICAL DESCRIPTION | |
| Extent | 224p |
| 942 ## - ADDED ENTRY ELEMENTS (KOHA) | |
| Koha item type | Book |
| Withdrawn status | Lost status | Damaged status | Not for loan | Collection code | Permanent Location | Current Location | Shelving location | Date acquired | Total Checkouts | Full call number | Barcode | Date last seen | Price effective from | Koha item type | Source of classification or shelving scheme |
|---|---|---|---|---|---|---|---|---|---|---|---|---|---|---|---|
| Central Library (CL) | Central Library (CL) | General Stacks | 06/02/2016 | 330.1091 PLA | S3H-N-710 | 06/02/2016 | 06/02/2016 | Book | |||||||
| Central Library (CL) | Central Library (CL) | General Stacks | 02/22/2017 | 330.1091 PLA | S3H-N-821 | 02/22/2017 | 02/22/2017 | Book |
